Quizzes
Events
Quiz Creation
Community
Videos
Private Events
Remove Ads
Sign In
Join for FREE
Feedback
Dark Mode
Quiz Categories
Sports
Geography
Music
Movies
Television
Just For Fun
Miscellaneous
History
Literature
Language
Science
Gaming
Entertainment
Religion
Holiday
For Kids
Quiz Lab
Recent
Popular Today
Quiz Kudos Today
Editor Picks
Curator Picks
Quizzes by...
Day
Popularity
Type
Ratings
Length
Year
Community
Subscriptions
Recent Discussions
Orange Saloon
Badges
Playlists
Quests
Create
Leaderboards
Showdown
Live 5
Trivia Bingo
Activity
Puzzle Library
Sporcle Events
Private Events
Virtual Trivia
Globe League
Become a Host
Pub Owners
SporcleCon
Opinionation
Our Games
Videos
Blog
Mobile Apps
Partnerships
Remove Ads and Go Orange
Feedback
Sports
Athletes
MLB
NBA
NHL
NFL
Soccer
Sports Teams
WWE
NCAA
Football
Premier League
Basketball
Baseball
Hockey
Golf
Tennis
Cricket
Rugby
Auto Racing
Olympics
World Cup
Sports
Athletes
MLB
NBA
NHL
NFL
Soccer
Sports Teams
WWE
NCAA
Football
Premier League
Basketball
Baseball
Hockey
Golf
Tennis
Cricket
Rugby
Auto Racing
Olympics
World Cup
Random Quiz
Search Sporcle
×
Quiz Lab
Quiz Lab
Sports
Numbers
Type in answers that appear in a list
Type in answers that appear in a list
Classic
Best Score? Go Orange.
Philadelphia Eagles 2010 Roster (Sept) Stats
Can you name the Philadelphia Eagles 2010 Roster (Sept)?
By
dkwon430
7m
53 Questions
195 Plays
195 Plays
195 Plays
Comments
Comments
Give Quiz Kudos
Give Quiz Kudos
-
- Ratings
hide this ad
Replay
Link that replays current quiz
Next Quiz
Link to next quiz in quiz playlist
You Got
0%
They Got
Avg Score
55%
Avg Friend Score
Upgrade to see
Score Distribution
Jump to the score distribution portion of the page
Score
0/53
Timer
07:00
0
Plays Today
Jersey Number
Player name
% Correct
10
Desean Jackson
96.9%
67
Jamaal Jackson
95.4%
4
Kevin Kolb
94.4%
7
Michael Vick
94.4%
2
David Akers
92.8%
18
Jeremy Maclin
91.3%
25
Lesean McCoy
90.3%
22
Asante Samuel
87.7%
81
Jason Avant
76.9%
23
Dimitri Patterson
76.4%
58
Trent Cole
75.9%
59
Nick Cole
75.9%
87
Brent Celek
75.9%
98
Mike Patterson
75.4%
6
Sav Rocca
74.9%
55
Stewart Bradley
70.8%
14
Riley Cooper
70.3%
3
Mike Kafka
69.2%
27
Quintin Mikell
68.2%
43
Leonard Weaver
67.7%
97
Brodrick Bunkley
64.1%
71
Jason Peters
63.6%
29
Nate Allen
63.1%
31
Ellis Hobbs
59.5%
79
Todd Herremans
57.4%
21
Joselio Hanson
55.9%
54
Brandon Graham
55.4%
Jersey Number
Player name
% Correct
50
Ernie Sims
53.8%
26
Mike Bell
50.3%
74
Winston Justice
48.7%
34
Eldra Buckley
48.2%
96
Omar Gaither
47.2%
62
Max Jean-Gilles
45.1%
56
Akeem Jordan
44.1%
75
Juqua Parker
44.1%
53
Moise Fokou
43.6%
84
Hank Baskett
40.5%
65
King Dunlap
39.5%
77
Mike McGlynn
39.5%
42
Kurt Coleman
39%
93
Trevor Laws
39%
82
Clay Harbor
37.9%
35
Trevard Lindley
32.8%
91
Darryl Tapp
31.8%
46
Jon Dorenbos
30.8%
90
Antonio Dixon
27.7%
68
Austin Howard
25.6%
49
Jamar Chaney
22.6%
38
Jorrick Calvin
21.5%
57
Keenan Clayton
19%
76
Reggie Wells
18.5%
52
Daniel Te'o-Nesheim
13.3%
51
Antawn Barnes
9.7%
Quiz Playlist
Details
Report
Send in Message
Add To Playlist
Classic:
Type in answers that appear in a list
Last Updated: Feb 16, 2017
Quiz Scoreboard
CHALLENGE
Sign Up to Join the Scoreboard
Show All
Scores
Hide
Comments
May contain spoilers
Recently Published
Presidents Visiting Landmarks
by Hejman
History
7m
An Introduction to Baseball
by treessimontrees
Sports
5m
Movies - When Are They Set?
by FPL_Elf
Movies
5m
More to Explore
Quiz From the Vault
Featured Blog Post
Where Did the Easter Bunny Come From?
hide this ad
You Might Also Like...
Tags
Numbers Quiz
2010
eagle
Jersey
Philadelphia
Philadelphia Eagles
Player
Roster
September
Today's Top Quizzes in Sports
Browse Sports
hide this ad
Today's Top Quizzes in Numbers
Browse Numbers
Top Contributed Quizzes in Sports
1
Les meilleurs buteurs des matchs entre le PSG et l’OM
2
2022 World Cup Stars
3
FIFA Club World Cup Champions
4
Les entraîneurs de l'OM et du PSG au 21e siècle
5
Name the Premier League winners with different clubs
6
La finale Lions - Afrique du Sud 2021
7
England Test cricketers to play under Nasser Hussain
8
5-to-1: UK Sports Teams
9
Les joueurs passés par le LOSC et le RC Lens
10
Criteria MLB: Left Handed Sluggers
Explore More
Trending Topics
Marvel
Kpop
Anime
Disney
Crossword
Harry Potter
NBA
Song
The Office
NFL
Country
WWE
Puzzle
Soccer
Pokémon
hide this ad
More By:
dkwon430
Quiz
Plays
Rating
Category
Featured
Created
Philadelphia Eagles 2010 Roster (Sept)
195
5.00
Sports
Sep 11, 2010
Go to Creator's Profile
Score Distribution
Quiz Creator Spotlight
dkwon430
Follow
Send a Message
Quizzes Created
-
Created Quiz Play Count
-
More By This Creator
Popular Quizzes Today
1
Find the Countries of Europe - No Outlines Minefield
2
Find the US States - No Outlines Minefield
3
The Countries of the World
4
Popular People in 1961
5
Find the US States
6
US States
7
Risky Map Clicking: Biggest States A-Z
8
1-10 Letter E Words III
More Sports Quizzes
UEFA, but not Champions League
Quiz Lab
Trending Quizzes
Risky Map Clicking: Least Populous States A-Z
1-10 Letter F Words
1-10 Letter G Words
One Thing in Common: United Kingdom
Risky Map Clicking: Next State Alphabetically
Recently Updated
Leaping Animals
pecheneg
Reality TV Shows (A-Z)
bhenderson79
Rickey Henderson's Hall of Fame Teammates
pecheneg
Champions League XIs: Arsenal
pecheneg
Quick Pick: Celebrities in WWE's Hall of Fame
aduchscher
A-Z Keypad Blitz II
pecheneg
Multiple Oscar Actors
pecheneg
Mystery Phrase Blitz: Oscar 'Best Actors'
pecheneg
F. Scott Fitzgerald Novels
LTH
Pick 3 Villains
ddd62291
Trending Topics
Disney
Kpop
Marvel
Harry Potter
NBA
Crossword
Anime
Soccer
Pokémon
Song
The Office
Puzzle
Country
NFL
WWE
Your Account Isn't Verified!
In order to create a playlist on Sporcle, you need to verify the email address you used during registration. Go to your
Sporcle Settings
to finish the process.
Report this User
Report this user for behavior that violates our
Community Guidelines
.
Details:
Send Report
Go to the Sporcle.com Mobile Site →
Comments